Statystyki dla Historia dla Wszystkich

Kliknij tutaj aby rozwiązać quiz!

Ogólne statystyki

  • Ten quiz został rozwiązany 369 razy
    (326 od ostatniego zresetowania)
  • Średni wynik to 9 z 15

Statystyki odpowiedzi

ZagadnienieOdpowiedź% Poprawnych
Wskaż państwo , które nie bralo udziału w erze Wielkich odkryć geograficznychNiemcy
80%
Wskaż miejsce pierwszych nowożytnych Igrzysk OlimpijskichAteny
74%
W którym wieku rozpadło się Cesarstwo Austro-WęgierXX wiek
69%
W którym wieku wybuchła Wojna domowa w HiszpaniiXX wiek
69%
Wskaż w którym Kraju odbyły się pierwsze Nowożytne Igrzyska Olimpijskie w 1896 rokuGrecja
68%
Który konflikt zbrojny w XX wieku był najwcześniejWojna Koreańska
67%
Wskaż władcę , który nie leży na WaweluLudwik Węgierski
63%
Które Państwo nie brało udziału w I wojnie światowejSzwecja
63%
Które państwo nigdy nie miało władcy kobiety ?Liechtenstein
60%
Wskaż który władca był najwcześniej koronowany na KrólaJadwiga Andegweńska
56%
Wskaż państwo w którym leżą ruiny KartaginyTunezja
49%
Wskaż bitwę podczas której po raz pierwszy użyto czołgówBitwa nad Sommą
39%
W którym roku rozpoczął się rozpad Jugosławii1991
38%
Wskaż która monarchia powstała najwcześniejDania
33%
Który Kraj nie brał udziału w Wojnie KoreańskiejNiemcy
27%

Rozkład punktacji

Percentyl według liczby udzielonych odpowiedzi

Procent ludzi z każdym wynikiem

Twoja historia wyników

Nie rozwiązałeś tego quizu od ostatniego zresetowania